1627 1328 1670 1467 1797 1747 1319 1087 1680 1496 1889 1563 1663 1192 1962 1286 1684 1601 1334 1723 1052 1286 1354 1158 1614 1344 1495 1066 1678 1114 1161 1227 1014 1199 1897 1479 1391 1320 1140 1780 1133 1256 1031 1786 1583 1347 1300 1589 1403 1664 1711 1249 1909 1847 1047 1803 1751 1809 1383 1491 1494 1710 1413 1109 1087 1116 1917 1899 1935 1874 1372 1163 1736 1906 1567 1084 1234 1856 1092 1463 1738 1978 1946 1479 1622 1863 1029 1118 1999 1885 1419 1626 1762 1299 1446 1034 1342 1838 1888 BCNSPRNW ULIB Ver.6.0+V

เปลี่ยนเป็นภาษาไทย

Change to English
 แสดงรายละเอียดบรรณานุกรม
  กลับหน้าหลัก

Brief Record : Get Marc (ISO 2709) : E-mail record : QR code < ปิดหน้าต่าง
LEADER : 00000nam 2200000uu 4500
001    13399121457
003     ULIB
008    121120s||||||||th 000 0 tha d
020    ^a9789749169711 (ชุด 1)
020    ^a9789749169711 (ชุด 2)
090  4 ^aรส^bม686ร ล.1-2 2546
245 00 ^aบทกวีคัดสรร ชุด 2 /^cมูลนิธิสถาบันวิชาการ 14 ตุลา
250    ^aพิมพ์ครั้งที่ 1
260    ^aกรุงเทพฯ :^bมูลนิธิสถาบันวิชาการ 14 ตุลา,^c2546
300    ^a2 เล่ม ;^c21 ซม.
490 0  ^aหนังสือชุด''''''''ตุลาวรรณกรรม''''''''
500    ^aฉลองครบรอบ 30 ปี 14 ตุลา : 2516-2546 ร่วมวาระประวัติศาสตร์''''''''''''''''วัน 14 ตุลา ประชาธิปไตย''''''''''''''''
650  4 ^aกวีนิพนธ์ไทย
650  4 ^aกวีนิพนธ์ไทย^xแง่สังคม
710 2  ^aมูลนิธิสถาบันวิชาการ 14 ตุลา
945    ^p0^l0^i14349
995    ^aกัณชพร
999    ^aกัณชพร
รายการนี้ยังไม่มีแท็ก
คุณยังไม่ได้ล็อกอิน คุณสามารถมีกิจกรรมร่วมกับเว็บไซต์ได้ แต่ต้องล็อกอินก่อน ::
  ล็อกอิน

รายการสื่อสารสนเทศ

ลำดับที่ ประเภท เลขเรียก/บาร์โค้ด สถานที่ สถานะ
1. นวนิยาย
นวนิยาย
รส ม686ร ล.1-2 2546  
  Barcode: 14349
ห้องสมุดวิทยาเขตสวรรค์ประชารักษ์
►นวนิยาย
บนชั้น
  ขอยืม

รายการใกล้เคียง
    หัวเรื่อง [กวีนิพนธ์ไทย]

BibComment


ยังไม่เคยถูกคอมเมนท์

คอมเมนท์ทรัพยากรรายการนี้
  คอมเมนท์: บทกวีคัดสรร ชุด ..


 Copyright 2026. Bcnsprnw @Library